<?xml version="1.0" encoding="UTF-8"?>
<record
    xmlns:xsi="http://www.w3.org/2001/XMLSchema-instance"
    xsi:schemaLocation="http://www.loc.gov/MARC21/slim http://www.loc.gov/standards/marcxml/schema/MARC21slim.xsd"
    xmlns="http://www.loc.gov/MARC21/slim">

  <leader>01362nab a2200229 i 4500</leader>
  <controlfield tag="001">BPP</controlfield>
  <controlfield tag="003">BPK</controlfield>
  <controlfield tag="005">20141206161838.0</controlfield>
  <controlfield tag="008">141206s2005    pl  n  f     |000  0pol</controlfield>
  <datafield tag="040" ind1=" " ind2=" ">
    <subfield code="c">BPK</subfield>
  </datafield>
  <datafield tag="080" ind1=" " ind2=" ">
    <subfield code="a">004.42:</subfield>
  </datafield>
  <datafield tag="080" ind1=" " ind2=" ">
    <subfield code="a">631.3</subfield>
  </datafield>
  <datafield tag="100" ind1=" " ind2=" ">
    <subfield code="a">KUKIE&#x141;KA, Leon.</subfield>
    <subfield code="d">1996 - .</subfield>
    <subfield code="b">Politechnika Koszali&#x144;ska - Wydzia&#x142; Mechaniczny,</subfield>
    <subfield code="c">Katedra Maszyn Roboczych</subfield>
  </datafield>
  <datafield tag="245" ind1=" " ind2=" ">
    <subfield code="a">Zastosowanie programu komputerowego experiment planner do identyfikacji proces&#xF3;w rozr&#xF3;&#x17C;niania sk&#x142;adnik&#xF3;w mieszaniny bulw ziemniaka i kamieni = Aplication of the experiment planner computer program to the process identification for discrinination of components in bulbs and stones mixture /</subfield>
    <subfield code="c">Maja Jakubowska, Leon Kukie&#x142;ka.</subfield>
  </datafield>
  <datafield tag="260" ind1=" " ind2=" ">
    <subfield code="c">2005.</subfield>
  </datafield>
  <datafield tag="500" ind1=" " ind2=" ">
    <subfield code="a">Dane z autopsji.</subfield>
  </datafield>
  <datafield tag="520" ind1=" " ind2=" ">
    <subfield code="a">W artykule przedstawiono nowy program komputerowy do wspomagania eksperyment&#xF3;w. Opisano podstawowe jego mo&#x17C;liwo&#x15B;ci na przyk&#x142;adzie sprawdzenia istotno&#x15B;ci wp&#x142;ywu czynnik&#xF3;w: ci&#x119;&#x17C;aru w&#x142;a&#x15B;ciwego, d&#x142;ugo&#x15B;ci, kszta&#x142;tu i masy na wsp&#xF3;&#x142;czynnik rozpoznawania kamieni w sk&#x142;adnikach mieszaniny bulw ziemniaka i kamieni.</subfield>
  </datafield>
  <datafield tag="650" ind1=" " ind2="0">
    <subfield code="a">Ziemniaki.</subfield>
  </datafield>
  <datafield tag="700" ind1=" " ind2=" ">
    <subfield code="a">JAKUBOWSKA, Maja - doktorant.</subfield>
    <subfield code="b">Politechnika Koszali&#x144;ska - Wydzia&#x142; Mechaniczny,</subfield>
    <subfield code="c">Katedra Maszyn Roboczych</subfield>
  </datafield>
  <datafield tag="773" ind1=" " ind2=" ">
    <subfield code="i">W :</subfield>
    <subfield code="t">In&#x17C;ynieria Rolnicza. -</subfield>
    <subfield code="g">R. 9, 2005, nr 14(74), s. 147-154</subfield>
  </datafield>
  <datafield tag="942" ind1=" " ind2=" ">
    <subfield code="c">ART</subfield>
    <subfield code="2">UKD</subfield>
  </datafield>
  <datafield tag="999" ind1=" " ind2=" ">
    <subfield code="c">3151</subfield>
    <subfield code="d">3151</subfield>
  </datafield>
  <datafield tag="952" ind1=" " ind2=" ">
    <subfield code="0">0</subfield>
    <subfield code="1">0</subfield>
    <subfield code="4">0</subfield>
    <subfield code="7">0</subfield>
    <subfield code="a">BPK</subfield>
    <subfield code="b">BPK</subfield>
    <subfield code="o">01443</subfield>
    <subfield code="y">ART</subfield>
  </datafield>
</record>
